[Event "Montcalm III 2005-06"]
[Site "Quebec CAN"]
[Date "2005.12.07"]
[Round "4"]
[White "Comsulea, Liviu"]
[Black "Marquis, Paul"]
[Result "0-1"]
[WhiteElo "1403"]
[BlackElo "1910"]
[PlyCount "90"]
[GameId "2160767910834180"]
[EventDate "2005.11.17"]
[EventType "swiss"]
[EventRounds "5"]
[EventCountry "CAN"]
[SourceTitle "EXT 2007"]
[Source "ChessBase"]
[SourceDate "2006.11.23"]
[SourceVersion "1"]
[SourceVersionDate "2006.11.23"]
[SourceQuality "1"]

1. f4 g6 2. Nf3 Bg7 3. e4 d6 4. d4 c5 5. c3 Bg4 6. Be2 Bxf3 7. Bxf3 cxd4 8. cxd4 Qb6 9. e5 dxe5 10. fxe5 Nc6 11. Be3 Nxe5 12. Qa4+ Kf8 13. O-O Nxf3+ 14. Rxf3 Qxb2 15. Qb3 Qxb3 16. axb3 Nf6 17. h3 Nd5 18. Bf2 a6 19. Nc3 Rd8 20. Ne2 Bf6 21. Ra5 Kg7 22. Ng3 Nb4 23. Ne2 Nc6 24. Ra4 Rd7 25. Rf4 Rhd8 26. Re4 e5 27. dxe5 Bxe5 28. Bb6 Rd1+ 29. Kf2 R8d3 30. Rac4 Rxb3 31. Bd4 Bxd4+ 32. Nxd4 Nxd4 33. Rcxd4 Rxd4 34. Rxd4 Rb2+ 35. Kf3 b5 36. h4 h5 37. g4 hxg4+ 38. Rxg4 a5 39. h5 a4 40. hxg6 fxg6 41. Rd4 a3 42. Rd7+ Kf6 43. Kf4 Rb4+ 44. Ke3 a2 45. Ra7 Ra4 0-1

[Event "Montcalm III 2005-06"]
[Site "Quebec CAN"]
[Date "2005.12.07"]
[Round "4"]
[White "L'Heureux, Clement"]
[Black "Potvin, Alain-Nicolas"]
[Result "1-0"]
[WhiteElo "1951"]
[BlackElo "1801"]
[PlyCount "39"]
[GameId "2160767910834181"]
[EventDate "2005.11.17"]
[EventType "swiss"]
[EventRounds "5"]
[EventCountry "CAN"]
[SourceTitle "EXT 2007"]
[Source "ChessBase"]
[SourceDate "2006.11.23"]
[SourceVersion "1"]
[SourceVersionDate "2006.11.23"]
[SourceQuality "1"]

1. d4 g6 2. Nc3 Bg7 3. Bg5 d6 4. Qd2 c6 5. e3 Qa5 6. h4 h6 7. Bf4 b5 8. Nf3 Nf6 9. Bd3 Nbd7 10. a3 e5 11. dxe5 dxe5 12. Nxe5 Nxe5 13. Bxe5 b4 14. Bxf6 Bxf6 15. Ne4 Bxb2 16. Rb1 Bxa3 17. Bc4 O-O 18. Qd4 Rd8 19. Qf6 Qc7 20. Qxg6+ 1-0

[Event "Montcalm III 2005-06"]
[Site "Quebec CAN"]
[Date "2005.12.07"]
[Round "4"]
[White "Lapierre, Gaetan"]
[Black "Dorion, Francois"]
[Result "0-1"]
[WhiteElo "1881"]
[BlackElo "1768"]
[PlyCount "106"]
[GameId "2160767910834182"]
[EventDate "2005.11.17"]
[EventType "swiss"]
[EventRounds "5"]
[EventCountry "CAN"]
[SourceTitle "EXT 2007"]
[Source "ChessBase"]
[SourceDate "2006.11.23"]
[SourceVersion "1"]
[SourceVersionDate "2006.11.23"]
[SourceQuality "1"]

1. c4 e5 2. Nc3 g6 3. Nf3 Bg7 4. d4 exd4 5. Nxd4 f5 6. g3 Nf6 7. Bg2 c6 8. O-O O-O 9. e4 Nxe4 10. Nxe4 fxe4 11. Bxe4 Qf6 12. Be3 d6 13. Rb1 Nd7 14. f3 Ne5 15. b3 Bh3 16. Rf2 Rae8 17. Qd2 Qe7 18. Bg5 Qc7 19. Re1 Qb6 20. Be3 Qc7 21. Bb1 a6 22. Bf4 Nxc4 23. Rxe8 Nxd2 24. Rxf8+ Kxf8 25. Rxd2 Qe7 26. Kf2 d5 27. Nc2 Bf5 28. g4 Bxc2 29. Bxc2 Bc3 30. Re2 Qc5+ 31. Kg2 Kf7 32. h4 Bf6 33. g5 Bd8 34. h5 Bb6 35. hxg6+ hxg6 36. Kg3 Qg1+ 37. Rg2 Bf2+ 38. Kh3 Qh1+ 39. Bh2 Qe1 40. Bg3 Bxg3 41. Rxg3 Qh1+ 42. Kg4 Qh5+ 43. Kf4 Qh4+ 44. Rg4 Qh2+ 45. Ke3 Qxc2 46. Rf4+ Kg7 47. Rd4 Qxa2 48. b4 a5 49. bxa5 Qxa5 50. f4 Qc3+ 51. Rd3 Qe1+ 52. Kd4 Qe4+ 53. Kc3 Qxf4 0-1

[Event "Montcalm III 2005-06"]
[Site "Quebec CAN"]
[Date "2005.12.07"]
[Round "4"]
[White "Perreault, Jacquelin"]
[Black "Marquardt, Christian"]
[Result "1/2-1/2"]
[WhiteElo "1760"]
[BlackElo "2094"]
[PlyCount "44"]
[GameId "2160767910834183"]
[EventDate "2005.11.17"]
[EventType "swiss"]
[EventRounds "5"]
[EventCountry "CAN"]
[SourceTitle "EXT 2007"]
[Source "ChessBase"]
[SourceDate "2006.11.23"]
[SourceVersion "1"]
[SourceVersionDate "2006.11.23"]
[SourceQuality "1"]

1. e4 c6 2. d4 d5 3. Nd2 dxe4 4. Nxe4 Nf6 5. Nxf6+ exf6 6. Bc4 Qe7+ 7. Qe2 Be6 8. Bxe6 Qxe6 9. Bf4 c5 10. O-O-O cxd4 11. Bxb8 Rxb8 12. Rxd4 Bc5 13. Rd2 Ke7 14. Nf3 Rhd8 15. Rhd1 Rxd2 16. Rxd2 Rd8 17. Rd5 g5 18. c4 a5 19. Kc2 h5 20. h3 g4 21. hxg4 hxg4 22. g3 f5 1/2-1/2

[Event "Montcalm III 2005-06"]
[Site "Quebec CAN"]
[Date "2005.12.07"]
[Round "4"]
[White "Sauve, Richard"]
[Black "Cournoyer, Dominic"]
[Result "1/2-1/2"]
[WhiteElo "1846"]
[BlackElo "1682"]
[PlyCount "61"]
[GameId "2160767910834184"]
[EventDate "2005.11.17"]
[EventType "swiss"]
[EventRounds "5"]
[EventCountry "CAN"]
[SourceTitle "EXT 2007"]
[Source "ChessBase"]
[SourceDate "2006.11.23"]
[SourceVersion "1"]
[SourceVersionDate "2006.11.23"]
[SourceQuality "1"]

1. d4 d5 2. c4 Nf6 3. cxd5 Nxd5 4. Nf3 e6 5. e4 Nf6 6. Nc3 Be7 7. Bc4 O-O 8. O-O b6 9. Qe2 Bb7 10. Rd1 Nbd7 11. a3 Re8 12. Bf4 c5 13. dxc5 Bxc5 14. b4 Be7 15. Ne5 Qc8 16. Nxd7 Nxd7 17. Rac1 Rd8 18. Bb5 Nf6 19. e5 Rxd1+ 20. Qxd1 Ne8 21. Nd5 Qd8 22. Nxe7+ Qxe7 23. h3 Nc7 24. Qd7 Qxd7 25. Bxd7 Nd5 26. Bg5 h6 27. Bd2 a6 28. Ba4 Kf8 29. Bb3 Rc8 30. Rxc8+ Bxc8 31. Bxd5 1/2-1/2

[Event "Montcalm III 2005-06"]
[Site "Quebec CAN"]
[Date "2005.12.07"]
[Round "4"]
[White "Zroud, Hicham"]
[Black "Caron, Sebastien"]
[Result "1/2-1/2"]
[WhiteElo "1561"]
[BlackElo "1857"]
[PlyCount "39"]
[GameId "2160767910834185"]
[EventDate "2005.11.17"]
[EventType "swiss"]
[EventRounds "5"]
[EventCountry "CAN"]
[SourceTitle "EXT 2007"]
[Source "ChessBase"]
[SourceDate "2006.11.23"]
[SourceVersion "1"]
[SourceVersionDate "2006.11.23"]
[SourceQuality "1"]

1. d4 c5 2. Nf3 e6 3. e3 Nf6 4. Bd3 Nc6 5. O-O b6 6. c3 Bb7 7. Nbd2 cxd4 8. exd4 Ne7 9. Ne5 Nfd5 10. Qf3 f5 11. Bb5 Bc8 12. Re1 a6 13. Bc4 Bb7 14. Ne4 d6 15. Bxd5 Nxd5 16. Qh5+ g6 17. Nxg6 hxg6 18. Qxh8 Nc7 19. Bg5 Kd7 20. Qh3 1/2-1/2

[Event "Montcalm III 2005-06"]
[Site "Quebec CAN"]
[Date "2005.12.08"]
[Round "4"]
[White "Audet-Bouchard, Nicolas"]
[Black "Caire, Francois"]
[Result "1/2-1/2"]
[WhiteElo "2193"]
[BlackElo "2230"]
[PlyCount "139"]
[GameId "2160767910834186"]
[EventDate "2005.11.17"]
[EventType "swiss"]
[EventRounds "5"]
[EventCountry "CAN"]

1. e4 e5 2. Nf3 Nc6 3. Bb5 a6 4. Ba4 Nf6 5. O-O Be7 6. Re1 b5 7. Bb3 O-O 8. h3 d6 9. a3 Re8 10. Nc3 Bb7 11. d3 h6 12. Nd5 Bf8 13. c3 Nb8 14. Nxf6+ Qxf6 15. Nh2 Nd7 16. Re3 d5 17. Rg3 Qd6 18. Qh5 Kh7 19. Qxf7 Re7 20. Qf3 dxe4 21. dxe4 Nc5 22. Bc2 Qe6 23. Be3 Rf7 24. Qe2 g6 25. b4 Nxe4 26. Bxe4 Bxe4 27. Bxh6 Bxh6 28. Qxe4 Rd8 29. Ng4 Rfd7 30. Nxe5 Rd1+ 31. Rxd1 Rxd1+ 32. Kh2 Rd5 33. f4 Bxf4 34. Qxf4 Rxe5 35. Rf3 Qd6 36. Qf7+ Kh6 37. Qf8+ Qxf8 38. Rxf8 Re2 39. Rf6 a5 40. Ra6 a4 41. Rc6 Ra2 42. Rxc7 Rxa3 43. Rc5 Rb3 44. Rxb5 Rxc3 45. Ra5 a3 46. b5 Rb3 47. b6 Rxb6 48. Rxa3 Rb4 49. Ra2 Rb3 50. h4 Kh5 51. g3 Kg4 52. Ra4+ Kh5 53. Kh3 Rc3 54. Ra8 Kh6 55. Rh8+ Kg7 56. Rd8 Rc4 57. Rd7+ Kf6 58. Rd5 Rc3 59. Ra5 Rb3 60. h5 gxh5 61. Rxh5 Kg6 62. Ra5 Rb6 63. Kh4 Rc6 64. Rg5+ Kh6 65. Rg8 Kh7 66. Rb8 Kg6 67. g4 Ra6 68. Rg8+ Kh7 69. Rb8 Kg6 70. Rg8+ 1/2-1/2

[Event "Montcalm III 2005-06"]
[Site "Quebec CAN"]
[Date "2005.12.15"]
[Round "5"]
[White "Bourassa, Andre"]
[Black "Monga, Alain"]
[Result "1-0"]
[WhiteElo "1691"]
[BlackElo "1537"]
[PlyCount "61"]
[GameId "2160767910834187"]
[EventDate "2005.11.17"]
[EventType "swiss"]
[EventRounds "5"]
[EventCountry "CAN"]
[SourceTitle "EXT 2007"]
[Source "ChessBase"]
[SourceDate "2006.11.23"]
[SourceVersion "1"]
[SourceVersionDate "2006.11.23"]
[SourceQuality "1"]

1. d4 Nf6 2. c4 g6 3. Nc3 Bg7 4. e4 d6 5. f3 O-O 6. Be3 Nbd7 7. Qd2 Ne8 8. g4 e5 9. d5 f5 10. gxf5 gxf5 11. Bg5 Bf6 12. h4 Bxg5 13. hxg5 f4 14. Qh2 Qe7 15. O-O-O Qg7 16. Rd2 Qg6 17. Bh3 Ng7 18. Be6+ Nxe6 19. dxe6 Nb6 20. Nd5 Nxd5 21. cxd5 Re8 22. Qh6 Qxh6 23. Rxh6 Re7 24. Nh3 Rg7 25. Rh2 b6 26. Nf2 Bb7 27. R2h5 Re8 28. Ng4 Ree7 29. Rf6 Rg6 30. Nh6+ Kg7 31. Nf5+ 1-0

[Event "Montcalm III 2005-06"]
[Site "Quebec CAN"]
[Date "2005.12.15"]
[Round "5"]
[White "Caire, Francois"]
[Black "Auger, Bertrand"]
[Result "1-0"]
[WhiteElo "2230"]
[BlackElo "2004"]
[PlyCount "41"]
[GameId "2160767910834188"]
[EventDate "2005.11.17"]
[EventType "swiss"]
[EventRounds "5"]
[EventCountry "CAN"]
[SourceTitle "EXT 2007"]
[Source "ChessBase"]
[SourceDate "2006.11.23"]
[SourceVersion "1"]
[SourceVersionDate "2006.11.23"]
[SourceQuality "1"]

1. d4 e6 2. c4 Nf6 3. Nf3 b6 4. a3 Bb7 5. Nc3 Be7 6. d5 O-O 7. e4 d6 8. Bd3 e5 9. O-O Nbd7 10. h3 Re8 11. Be3 Bf8 12. Bc2 g6 13. b4 h6 14. Ba4 Ba6 15. Bc6 Bxc4 16. Re1 Rb8 17. b5 a6 18. a4 Re7 19. Qc2 Nc5 20. Bxc5 bxc5 21. Nd2 1-0

[Event "Montcalm III 2005-06"]
[Site "Quebec CAN"]
[Date "2005.12.15"]
[Round "5"]
[White "Caron, Sebastien"]
[Black "Guay, Etienne"]
[Result "1/2-1/2"]
[WhiteElo "1857"]
[BlackElo "1620"]
[PlyCount "51"]
[GameId "2160767910834189"]
[EventDate "2005.11.17"]
[EventType "swiss"]
[EventRounds "5"]
[EventCountry "CAN"]
[SourceTitle "EXT 2007"]
[Source "ChessBase"]
[SourceDate "2006.11.23"]
[SourceVersion "1"]
[SourceVersionDate "2006.11.23"]
[SourceQuality "1"]

1. d4 Nf6 2. Nc3 d5 3. Bg5 Nbd7 4. Nf3 h6 5. Bd2 e6 6. e3 b6 7. Bb5 Bb7 8. Ne5 a6 9. Bc6 Bxc6 10. Nxc6 Qc8 11. f4 Qb7 12. Ne5 c5 13. O-O Bd6 14. Qf3 O-O 15. Qh3 Ne4 16. Nxe4 dxe4 17. f5 Nxe5 18. dxe5 Bxe5 19. fxe6 f6 20. Bc3 Bxc3 21. bxc3 Rfe8 22. Qg4 Qe7 23. Qxe4 Qxe6 24. Qxe6+ Rxe6 25. Kf2 Re4 26. a4 1/2-1/2

[Event "Montcalm III 2005-06"]
[Site "Quebec CAN"]
[Date "2005.12.15"]
[Round "5"]
[White "Cournoyer, Dominic"]
[Black "Marquardt, Christian"]
[Result "0-1"]
[WhiteElo "1682"]
[BlackElo "2094"]
[PlyCount "78"]
[GameId "2160767910834190"]
[EventDate "2005.11.17"]
[EventType "swiss"]
[EventRounds "5"]
[EventCountry "CAN"]
[SourceTitle "EXT 2007"]
[Source "ChessBase"]
[SourceDate "2006.11.23"]
[SourceVersion "1"]
[SourceVersionDate "2006.11.23"]
[SourceQuality "1"]

1. c4 Nf6 2. Nc3 e6 3. Nf3 d5 4. cxd5 exd5 5. d4 Bd6 6. Nb5 Be7 7. Bf4 Na6 8. e3 c6 9. Nc3 Qb6 10. Rb1 Bf5 11. Bd3 Bxd3 12. Qxd3 O-O 13. a3 Nc7 14. h3 Ne6 15. Bh2 a5 16. O-O Rad8 17. Rfc1 Rfe8 18. Ne5 g6 19. Na4 Qa7 20. Rc2 Ne4 21. Nc3 Nd6 22. Rbc1 Bf8 23. Nf3 Nc4 24. Nd2 b5 25. Ra1 Qb7 26. Nxc4 dxc4 27. Nd1 Bg7 28. Rd2 f5 29. b3 b4 30. axb4 axb4 31. Be5 Rxd4 32. Rc1 Nf4 33. Qxd4 Ne2+ 34. Kf1 Nxd4 35. Nc3 bxc3 36. Rxc3 Rb8 37. f3 f4 38. Kf2 h5 39. Kg1 Ra8 0-1

[Event "Montcalm III 2005-06"]
[Site "Quebec CAN"]
[Date "2005.12.15"]
[Round "5"]
[White "Cummins, Paul"]
[Black "Dumont, Eric"]
[Result "0-1"]
[WhiteElo "1867"]
[BlackElo "1609"]
[PlyCount "54"]
[GameId "2160767910834191"]
[EventDate "2005.11.17"]
[EventType "swiss"]
[EventRounds "5"]
[EventCountry "CAN"]
[SourceTitle "EXT 2007"]
[Source "ChessBase"]
[SourceDate "2006.11.23"]
[SourceVersion "1"]
[SourceVersionDate "2006.11.23"]
[SourceQuality "1"]

1. d4 f5 2. h3 b6 3. Bg5 h6 4. Bh4 g5 5. e4 Nf6 6. e5 gxh4 7. exf6 h5 8. f7+ Kxf7 9. Nf3 e6 10. Ne5+ Kf6 11. Nd2 Bb7 12. Qe2 d6 13. Nef3 Kf7 14. O-O-O Bg7 15. Nb3 a5 16. Kb1 a4 17. Nc1 a3 18. c3 Be4+ 19. Nd3 c5 20. Ka1 axb2+ 21. Qxb2 Nc6 22. Nc1 cxd4 23. Nxd4 Nxd4 24. Be2 Kf8 25. Qb4 Ke7 26. f3 Kf8 27. f4 e5 0-1

[Event "Montcalm III 2005-06"]
[Site "Quebec CAN"]
[Date "2005.12.15"]
[Round "5"]
[White "Dorion, Francois"]
[Black "L'Heureux, Clement"]
[Result "1-0"]
[WhiteElo "1768"]
[BlackElo "1951"]
[PlyCount "93"]
[GameId "2160767910834192"]
[EventDate "2005.11.17"]
[EventType "swiss"]
[EventRounds "5"]
[EventCountry "CAN"]
[SourceTitle "EXT 2007"]
[Source "ChessBase"]
[SourceDate "2006.11.23"]
[SourceVersion "1"]
[SourceVersionDate "2006.11.23"]
[SourceQuality "1"]

1. e4 e5 2. Nf3 Nc6 3. Bb5 a6 4. Ba4 Nf6 5. Nc3 Bc5 6. O-O d6 7. Bxc6+ bxc6 8. d4 exd4 9. Nxd4 Bd7 10. e5 dxe5 11. Re1 O-O 12. Rxe5 Bd6 13. Re1 c5 14. Nf3 Rb8 15. b3 Bc6 16. Bg5 h6 17. Bxf6 Qxf6 18. Nd5 Qf5 19. Re5 Qd7 20. Ne7+ Kh8 21. Nxc6 Qxc6 22. Rd5 Rbe8 23. c4 Re4 24. Qd3 Rfe8 25. Qc3 R8e6 26. Re1 Qe8 27. Rdd1 Be7 28. Rxe4 Rxe4 29. Qd3 Bf6 30. Qd7 Bd4 31. Qxe8+ Rxe8 32. Kf1 Rd8 33. Nxd4 cxd4 34. b4 Kg8 35. Ke2 f5 36. Kd3 Re8 37. Rd2 Re4 38. a3 Kf7 39. Re2 Rf4 40. f3 g5 41. Re5 g4 42. fxg4 fxg4 43. Rc5 Rf2 44. Rxc7+ Kg8 45. b5 axb5 46. cxb5 Ra2 47. b6 1-0

[Event "Montcalm III 2005-06"]
[Site "Quebec CAN"]
[Date "2005.12.15"]
[Round "5"]
[White "Lapierre, Gaetan"]
[Black "Zroud, Hicham"]
[Result "0-1"]
[WhiteElo "1881"]
[BlackElo "1561"]
[PlyCount "22"]
[GameId "2160767910834193"]
[EventDate "2005.11.17"]
[EventType "swiss"]
[EventRounds "5"]
[EventCountry "CAN"]
[SourceTitle "EXT 2007"]
[Source "ChessBase"]
[SourceDate "2006.11.23"]
[SourceVersion "1"]
[SourceVersionDate "2006.11.23"]
[SourceQuality "1"]

1. e4 c6 2. d4 d5 3. e5 Bf5 4. c3 e6 5. Nd2 c5 6. h4 h6 7. Nb3 cxd4 8. cxd4 Bb4+ 9. Bd2 Qb6 10. Bxb4 Qxb4+ 11. Qd2 Qxd2+ 0-1

[Event "Montcalm III 2005-06"]
[Site "Quebec CAN"]
[Date "2005.12.15"]
[Round "5"]
[White "Lessard, Claude"]
[Black "Angers, Gilles"]
[Result "0-1"]
[WhiteElo "1964"]
[BlackElo "1950"]
[PlyCount "80"]
[GameId "2160767910834194"]
[EventDate "2005.11.17"]
[EventType "swiss"]
[EventRounds "5"]
[EventCountry "CAN"]
[SourceTitle "EXT 2007"]
[Source "ChessBase"]
[SourceDate "2006.11.23"]
[SourceVersion "1"]
[SourceVersionDate "2006.11.23"]
[SourceQuality "1"]

1. d4 Nf6 2. Nf3 c5 3. c3 e6 4. Bf4 d5 5. e3 Nc6 6. h3 cxd4 7. exd4 Be7 8. Bd3 O-O 9. Nbd2 Qb6 10. Qb3 Qa5 11. O-O Ne8 12. Qc2 g6 13. b4 Qd8 14. Nb3 Bf6 15. Rad1 Nd6 16. Rfe1 Ne7 17. Bxd6 Qxd6 18. Ne5 Nc6 19. b5 Nxe5 20. dxe5 Bxe5 21. c4 Qc7 22. c5 Bg7 23. c6 e5 24. Bf1 Bf5 25. Qc1 Rfd8 26. Nc5 bxc6 27. Na6 Qa5 28. bxc6 Rac8 29. g4 Be6 30. a3 Rd6 31. Nb4 Qb6 32. Ba6 Rc7 33. Bb7 a5 34. Nd3 e4 35. Nc5 Rdxc6 36. Bxc6 Rxc6 37. Qd2 Rxc5 38. Rb1 Qc7 39. Rec1 Rxc1+ 40. Rxc1 Qb6 0-1

[Event "Montcalm III 2005-06"]
[Site "Quebec CAN"]
[Date "2005.12.15"]
[Round "5"]
[White "Marquis, Paul"]
[Black "Perreault, Jacquelin"]
[Result "1-0"]
[WhiteElo "1910"]
[BlackElo "1760"]
[PlyCount "54"]
[GameId "2160767910834195"]
[EventDate "2005.11.17"]
[EventType "swiss"]
[EventRounds "5"]
[EventCountry "CAN"]
[SourceTitle "EXT 2007"]
[Source "ChessBase"]
[SourceDate "2006.11.23"]
[SourceVersion "1"]
[SourceVersionDate "2006.11.23"]
[SourceQuality "1"]

1. e4 c5 2. Nc3 Nc6 3. g3 g6 4. Bg2 Bg7 5. f4 d6 6. Nf3 Bg4 7. h3 Bxf3 8. Bxf3 Nd4 9. Bg2 e6 10. O-O Ne7 11. Ne2 O-O 12. c3 Nxe2+ 13. Qxe2 Qc7 14. d3 Rab8 15. g4 b5 16. f5 exf5 17. exf5 Rfe8 18. Qf2 f6 19. Be4 gxf5 20. gxf5 Kh8 21. Qh4 Rg8 22. Qh5 Qd8 23. Rf4 Qe8 24. Rh4 Qxh5 25. Rxh5 d5 26. Bf3 Bf8+ 27. Rg5 Rxg5+ 1-0

[Event "Montcalm IV 2004-05"]
[Site "Quebec CAN"]
[Date "2005.01.13"]
[Round "1"]
[White "Auger, Bertrand"]
[Black "Dion, Jean-Francois"]
[Result "1/2-1/2"]
[WhiteElo "1930"]
[BlackElo "1929"]
[PlyCount "101"]
[GameId "2160767911031644"]
[EventDate "2005.01.13"]
[EventType "tourn"]
[EventRounds "5"]
[EventCountry "CAN"]
[SourceTitle "EXT 2006"]
[Source "ChessBase"]
[SourceDate "2005.11.24"]
[SourceVersion "1"]
[SourceVersionDate "2005.11.24"]
[SourceQuality "1"]

1. Nf3 Nf6 2. g3 g6 3. b4 Bg7 4. Bb2 O-O 5. Bg2 d6 6. d3 c6 7. O-O b6 8. Nbd2 Bb7 9. c4 Qc7 10. Qc2 Nbd7 11. Bc3 c5 12. a3 Rac8 13. Qb2 h6 14. Ra2 e5 15. e4 Nh5 16. Nh4 Kh7 17. f4 f5 18. exf5 gxf5 19. Ndf3 Rce8 20. Qa1 e4 21. dxe4 Bxe4 22. b5 Bd3 23. Bxg7 Nxg7 24. Rc1 Re6 25. Rd2 Be4 26. Rcd1 Nf6 27. Ne1 Rfe8 28. Nd3 R8e7 29. Ne1 Bxg2 30. Nexg2 Nfe8 31. Qb1 Re2 32. Qc2 Rxd2 33. Qxd2 Ne6 34. Qd3 Nd4 35. Ne3 Qd7 36. Nd5 Re2 37. Nc3 Re7 38. Kf1 Qe6 39. Nd5 Rf7 40. Re1 Qd7 41. Ng2 Kg7 42. Nge3 Nf6 43. Nxf6 Rxf6 44. Nd5 Re6 45. Re3 Kf7 46. Qd1 Rxe3 47. Qh5+ Kg7 48. Nxe3 Qe6 49. Kf2 Qe4 50. Qd1 Kf6 51. Qh5 1/2-1/2

[Event "Montcalm IV 2004-05"]
[Site "Quebec CAN"]
[Date "2005.01.13"]
[Round "1"]
[White "Berube, Antoine"]
[Black "Caire, Francois"]
[Result "0-1"]
[WhiteElo "2130"]
[BlackElo "2147"]
[PlyCount "84"]
[GameId "2160767911031645"]
[EventDate "2005.01.13"]
[EventType "tourn"]
[EventRounds "5"]
[EventCountry "CAN"]
[SourceTitle "EXT 2006"]
[Source "ChessBase"]
[SourceDate "2005.11.24"]
[SourceVersion "1"]
[SourceVersionDate "2005.11.24"]
[SourceQuality "1"]

1. d4 d5 2. c4 Bf5 3. Nc3 e6 4. Nf3 Nf6 5. Bg5 c6 6. e3 Be7 7. Qb3 Qb6 8. c5 Qc7 9. Be2 Nbd7 10. Bf4 Qc8 11. h3 O-O 12. O-O Bd8 13. Nh4 Bc7 14. Nxf5 exf5 15. Qc2 Bxf4 16. exf4 Ne4 17. b4 Qc7 18. g3 Rfe8 19. Bd3 b6 20. Kg2 a5 21. a3 b5 22. f3 Nxc3 23. Qxc3 g6 24. Kf2 h5 25. h4 Nf8 26. a4 axb4 27. Qxb4 bxa4 28. Rxa4 Reb8 29. Qa3 Rxa4 30. Qxa4 Rb2+ 31. Be2 Ne6 32. Qa8+ Kg7 33. Qa3 Qb8 34. Rd1 Rb1 35. Rd2 Nxf4 36. gxf4 Qxf4 37. Qc3 Qxh4+ 38. Ke3 Qe1 39. Qc2 Ra1 40. Qb2 h4 41. Kd3 h3 42. Qb8 Ra3+ 0-1

[Event "Montcalm IV 2004-05"]
[Site "Quebec CAN"]
[Date "2005.01.13"]
[Round "1"]
[White "Drolet, Stephane"]
[Black "Audet-Bouchard, Nicolas"]
[Result "1/2-1/2"]
[WhiteElo "2138"]
[BlackElo "2080"]
[PlyCount "96"]
[GameId "2160767911031646"]
[EventDate "2005.01.13"]
[EventType "tourn"]
[EventRounds "5"]
[EventCountry "CAN"]
[SourceTitle "EXT 2006"]
[Source "ChessBase"]
[SourceDate "2005.11.24"]
[SourceVersion "1"]
[SourceVersionDate "2005.11.24"]
[SourceQuality "1"]

1. d4 Nf6 2. Nf3 e6 3. Bg5 h6 4. Bh4 c5 5. c3 Nc6 6. e3 Be7 7. Nbd2 cxd4 8. cxd4 d5 9. a3 a5 10. Bd3 O-O 11. O-O Qb6 12. Rb1 Re8 13. Qe2 Bd7 14. Ne5 Nxe5 15. dxe5 Ne4 16. Bxe7 Nxd2 17. Qxd2 Rxe7 18. Rbc1 Bb5 19. Bxb5 Qxb5 20. Qd4 Ree8 21. Rc5 Qd7 22. Rfc1 Rec8 23. Kf1 Rxc5 24. Qxc5 Ra6 25. Qc8+ Qxc8 26. Rxc8+ Kh7 27. Ke2 Rb6 28. Rc2 Kg6 29. Kd3 Kf5 30. Kd4 Rb5 31. f3 h5 32. g3 f6 33. e4+ dxe4 34. fxe4+ Kg4 35. exf6 gxf6 36. Rf2 f5 37. Kc4 Re5 38. exf5 Rxf5 39. Re2 e5 40. Kd5 Kf3 41. Re4 Kg2 42. Rh4 Rf2 43. b4 axb4 44. axb4 Rb2 45. Kxe5 Kg1 46. Kd6 Rxh2 47. Kc7 Kg2 48. Kxb7 Kxg3 1/2-1/2

[Event "Montcalm IV 2004-05"]
[Site "Quebec CAN"]
[Date "2005.01.13"]
[Round "1"]
[White "Filiatrault, Alexandre"]
[Black "Bourassa, Andre"]
[Result "1-0"]
[WhiteElo "1704"]
[BlackElo "1679"]
[PlyCount "35"]
[GameId "2160767911031647"]
[EventDate "2005.01.13"]
[EventType "tourn"]
[EventRounds "5"]
[EventCountry "CAN"]

1. e4 c5 2. Nc3 Nc6 3. f4 d6 4. Bb5 Bd7 5. Nf3 a6 6. Bxc6 bxc6 7. O-O g6 8. d3 Bg7 9. Bd2 e6 10. Kh1 Ne7 11. Qe1 Nc8 12. e5 d5 13. Qf2 Qe7 14. Na4 O-O 15. c4 d4 16. f5 exf5 17. Bg5 Qe6 18. Bf6 1-0

[Event "Montcalm IV 2004-05"]
[Site "Quebec CAN"]
[Date "2005.01.13"]
[Round "1"]
[White "L'Heureux, Clement"]
[Black "Marquis, Paul"]
[Result "0-1"]
[WhiteElo "2004"]
[BlackElo "1878"]
[PlyCount "90"]
[GameId "2160767911031648"]
[EventDate "2005.01.13"]
[EventType "tourn"]
[EventRounds "5"]
[EventCountry "CAN"]
[SourceTitle "EXT 2006"]
[Source "ChessBase"]
[SourceDate "2005.11.24"]
[SourceVersion "1"]
[SourceVersionDate "2005.11.24"]
[SourceQuality "1"]

1. d4 Nf6 2. c4 d6 3. Nf3 g6 4. Nc3 Bg7 5. e4 O-O 6. Be2 e5 7. Bg5 h6 8. Bxf6 Qxf6 9. dxe5 dxe5 10. Nd5 Qd8 11. O-O Nc6 12. Nd2 Nd4 13. Nb3 Nxe2+ 14. Qxe2 c6 15. Ne3 Qe7 16. f3 Be6 17. Rac1 a5 18. Nc2 a4 19. Nd2 h5 20. a3 Bh6 21. Ne3 Qc5 22. Rfe1 Rfd8 23. Ndf1 Rd7 24. Red1 Rad8 25. Rxd7 Rxd7 26. Kf2 f5 27. exf5 gxf5 28. Qc2 Kg7 29. Ke2 Kf8 30. g3 Rd4 31. h3 Rxc4 32. Nxc4 Bxc1 33. Qxc1 Qxc4+ 34. Qxc4 Bxc4+ 35. Ke1 Bxf1 36. Kxf1 b5 37. Ke2 c5 38. Kd3 h4 39. g4 e4+ 40. Ke3 exf3 41. Kxf3 fxg4+ 42. Kxg4 b4 43. Kf4 c4 44. Ke4 c3 45. bxc3 bxa3 0-1

[Event "Montcalm IV 2004-05"]
[Site "Quebec CAN"]
[Date "2005.01.13"]
[Round "1"]
[White "Sauve, Richard"]
[Black "Valley, Michel"]
[Result "1/2-1/2"]
[WhiteElo "2011"]
[BlackElo "1901"]
[PlyCount "100"]
[GameId "2160767911031649"]
[EventDate "2005.01.13"]
[EventType "tourn"]
[EventRounds "5"]
[EventCountry "CAN"]
[SourceTitle "EXT 2006"]
[Source "ChessBase"]
[SourceDate "2005.11.24"]
[SourceVersion "1"]
[SourceVersionDate "2005.11.24"]
[SourceQuality "1"]

1. d4 Nf6 2. c4 g6 3. Nc3 Bg7 4. e4 d6 5. f3 O-O 6. Be3 Nc6 7. Qd2 a6 8. Nge2 Rb8 9. Nc1 e5 10. d5 Nd4 11. N1e2 Nxe2 12. Bxe2 Nh5 13. O-O-O f5 14. g3 Nf6 15. Bg5 Qe8 16. Bh6 b5 17. Bxg7 Kxg7 18. Bd3 bxc4 19. Bxc4 fxe4 20. fxe4 Rb4 21. Bd3 c5 22. Rdf1 Qd8 23. Kb1 Bd7 24. Rf2 Qa5 25. Rhf1 Rfb8 26. Rxf6 Rxb2+ 27. Qxb2 Rxb2+ 28. Kxb2 Qb4+ 29. Kc2 Ba4+ 30. Nxa4 Qxa4+ 31. Kb1 Qb4+ 32. Kc1 Qa3+ 33. Kd2 Qxa2+ 34. Bc2 Qa5+ 35. Kd1 Qa1+ 36. Ke2 Qb2 37. Rf7+ Kh6 38. Kd1 Qd4+ 39. Kc1 c4 40. R7f2 c3 41. g4 g5 42. Rf6+ Kg7 43. Rxd6 Qb4 44. Rxa6 Qb5 45. Ra7+ Kg6 46. Rff7 Qe2 47. Rg7+ Kh6 48. Rxh7+ Kg6 49. Rag7+ Kf6 50. Rf7+ Kg6 1/2-1/2